Normal view MARC view
  • BHARDWAJ, DR.LOKESH KUMAR AND SINGH, DR. CHARANJEET & KUMAR AMIT

Entry Personal Name

Number of records used in: 1

001 - CONTROL NUMBER

  • control field: 8564

003 - CONTROL NUMBER IDENTIFIER

  • control field: JRU

005 - DATE AND TIME OF LATEST TRANSACTION

  • control field: 20240920102528.0

008 - FIXED-LENGTH DATA ELEMENTS

  • fixed length control field: 240920|| aca||aabn | a|a d

040 ## - CATALOGING SOURCE

  • Original cataloging agency: JRU
  • Transcribing agency: JRU

100 ## - HEADING--PERSONAL NAME

  • Personal name: BHARDWAJ, DR.LOKESH KUMAR AND SINGH, DR. CHARANJEET & KUMAR AMIT

670 ## - SOURCE DATA FOUND

  • Source citation: Work cat.: (JRU)8693: BHARDWAJ, DR.LOKESH KUMAR AND SINGH, DR. CHARANJEET & KUMAR AMIT, PHARMACY LAE AND ETHICS [ D. PHARMA , 2ND YEAR]